000 00362nam a2200133 i 4500
001 bg
245 0 _aZasady projektowania instalacji odpylających w resorcie budownictwa i przemysłu materiałów budowlanych.
250 _aWyd.2.
260 _aWarszawa,
_c1981.
040 _cBPK
041 _apol
942 _cKS
008 s pl f |000 0 pol
999 _c21903
_d21903
856 _uhttp://koha.tu.koszalin.pl/cgi-bin/koha/opac-detail.pl?biblionumber=21903
_yKatalog online BPK